| 000 | 00707nam a22002297a 4500 | ||
|---|---|---|---|
| 999 |
_c19370 _d19370 |
||
| 003 | AR-CdUCM | ||
| 008 | 190517b ||||| |||| 00| 0 spa d | ||
| 040 |
_aMUNICIPALIDAD PROVINCIAL DEL CUSCO _cBIBLIOTECA MUNICIPAL DEL CUSCO |
||
| 082 |
_a869.56 / _bAL47 |
||
| 100 |
_aAlva Herrera, Horacio _914675 |
||
| 245 | _aPoemas / | ||
| 260 |
_aTrujillo : _bEdición Homenaje, _c1972. |
||
| 300 |
_a31 hojas ; _c20 cm. |
||
| 500 | _a"Año Internacional del Libro". | ||
| 505 | _aContenido: Poemas. | ||
| 650 |
_aLiteratura Peruana _9132 |
||
| 650 |
_aPoemas Peruanos _91040 |
||
| 650 |
_aSiglo XX _98 |
||
| 700 |
_aAlva Pazos, Eduardo (carátula) _940674 |
||
| 942 |
_2ddc _cLIBROS |
||
| 945 |
_aachl _d2019-05-17 |
||